| 000 | 00380nam a22001457a 4500 | ||
|---|---|---|---|
| 005 | 20180126155547.0 | ||
| 008 | 180126b xxu||||| |||| 00| 0 eng d | ||
| 040 | _cPK-LaUMT | ||
| 082 |
_aPKAC 070.4092 _bWAR-H |
||
| 100 | _aWaris Mir | ||
| 245 |
_aHurryat e fikar kay mujahid/ _cWaris Mir |
||
| 260 |
_aلاہور؛ _bجنگ پبلشرز، _c1990 |
||
| 300 | _a172 | ||
| 942 | _cBK | ||
| 999 |
_c102285 _d102285 |
||